Cindy Sherman. (Record no. 5822)
[ view plain ]
| 000 -LEADER | |
|---|---|
| fixed length control field | 01310nam a2200361 a 4500 |
| 001 - CONTROL NUMBER | |
| control field | 1418643 |
| 003 - CONTROL NUMBER IDENTIFIER | |
| control field | OSt |
| 005 - DATE AND TIME OF LATEST TRANSACTION | |
| control field | 20260429150209.0 |
| 008 - FIXED-LENGTH DATA ELEMENTS--GENERAL INFORMATION | |
| fixed length control field | 831103s1982 gw a b 000 0 eng |
| 010 ## - LIBRARY OF CONGRESS CONTROL NUMBER | |
| LC control number | 83223344 |
| 020 ## - INTERNATIONAL STANDARD BOOK NUMBER | |
| International Standard Book Number | 9781855147126 |
| Terms of availability | DM39.00 |
| 035 ## - SYSTEM CONTROL NUMBER | |
| System control number | 1418643 |
| 040 ## - CATALOGING SOURCE | |
| Original cataloging agency | DLC |
| Transcribing agency | Foundation University |
| 041 0# - LANGUAGE CODE | |
| Language code of text/sound track or separate title | eng |
| -- | ger |
| 050 00 - LIBRARY OF CONGRESS CALL NUMBER | |
| Classification number | N 7573.3 |
| Item number | M66 2019 |
| 100 1# - MAIN ENTRY--PERSONAL NAME | |
| Personal name | Sherman, Cindy. |
| 9 (RLIN) | 15726 |
| 245 10 - TITLE STATEMENT | |
| Title | Cindy Sherman. |
| 260 ## - PUBLICATION, DISTRIBUTION, ETC. | |
| Place of publication, distribution, etc. | Munich : |
| Name of publisher, distributor, etc. | Schirmer/Mosel, |
| Date of publication, distribution, etc. | c2019 |
| 264 ## - PRODUCTION, PUBLICATION, DISTRIBUTION, MANUFACTURE, AND COPYRIGHT NOTICE | |
| Copyright Date | 2019 |
| 300 ## - PHYSICAL DESCRIPTION | |
| Extent | 175 p. : |
| Other physical details | chiefly ill. (some col.) ; |
| Dimensions | 27 cm. |
| Materials specified | books |
| Type of unit | books |
| 336 ## - CONTENT TYPE | |
| Content type term | text |
| Content type code | txt |
| Source | rdacontent |
| Materials specified | books |
| 337 ## - MEDIA TYPE | |
| Media type term | unmediated |
| Media type code | n |
| Source | rdamedia |
| Materials specified | books |
| 338 ## - CARRIER TYPE | |
| Carrier type term | volume |
| Carrier type code | nc |
| Source | rdacarrier |
| Materials specified | books |
| 500 ## - GENERAL NOTE | |
| General note | English and German. |
| 500 ## - GENERAL NOTE | |
| General note | "Publication accompanies an exhibition of Cindy Sherman's work organized by the Stedelijk Museum in Amsterdam, December 1982"--T.p. verso. |
| 504 ## - BIBLIOGRAPHY, ETC. NOTE | |
| Bibliography, etc. note | Bibliography: p. 175. |
| 600 10 - SUBJECT ADDED ENTRY--PERSONAL NAME | |
| Personal name | Sherman, Cindy. |
| 9 (RLIN) | 15726 |
| 650 #0 - SUBJECT ADDED ENTRY--TOPICAL TERM | |
| Topical term or geographic name entry element | Photography, Artistic. |
| 9 (RLIN) | 7479 |
| 710 1# - ADDED ENTRY--CORPORATE NAME | |
| Corporate name or jurisdiction name as entry element | Amsterdam (Netherlands). |
| Subordinate unit | Stedelijk Museum. |
| 9 (RLIN) | 15727 |
| 906 ## - LOCAL DATA ELEMENT F, LDF (RLIN) | |
| a | 7 |
| b | cbc |
| c | orignew |
| d | 3 |
| e | ncip |
| f | 19 |
| g | y-gencatlg |
| 942 ## - ADDED ENTRY ELEMENTS (KOHA) | |
| Source of classification or shelving scheme | Library of Congress Classification |
| Koha item type | Books |
| Classification part | N 7573.3 |
| Item part | .2019 M66 |
| Call number prefix | (DAFA-FA) |
| Withdrawn status | Lost status | Source of classification or shelving scheme | Damaged status | Not for loan | Collection code | Home library | Current library | Shelving location | Date acquired | Source of acquisition | Total Checkouts | Full call number | Barcode | Date last seen | Price effective from | Koha item type | Accession Number |
|---|---|---|---|---|---|---|---|---|---|---|---|---|---|---|---|---|---|
| Library of Congress Classification | Non-fiction | Foundation University Library | Foundation University Library | DoArchitecture & Fine Arts | 04/29/2026 | Donations | (DAFA-FA) N 7573.3 .2019 M66 | 0192026003282 | 04/29/2026 | 04/29/2026 | Books | DAFA-2026282 |
